000 00569nam a2200205Ia 4500
005 20250923145926.0
008 008 250917s9999 xx 000 0 eng d
037 _aTextual
040 _aDSWL
_beng
_cDSWL
041 _aeng
_2eng
084 _aY720bTx2, N95
_qDSWL
245 0 _aTribal education in India
_c by B. Singh
260 _aNew Delhi
_b Inter India Publication
_c1995
300 _a176p.
365 _aINR
_b245.00
700 _a N. Mahanti
_9840373
925 _g245.00
942 _cTEXL
_hY720bTx2, N95
999 _c1457423
_d1457423